[Event "TUR Cup"]
[Site "Adapazari"]
[Date "2022.03.28"]
[Round "6"]
[White "Ozcan, Kadir Kutay"]
[Black "Gozubuyukoglu, Selami"]
[Result "1-0"]
[WhiteElo "1840"]
[BlackElo "1731"]
[PlyCount "114"]
[EventDate "2022.03.25"]
[EventType "swiss"]
[EventRounds "11"]
[EventCountry "TUR"]
[SourceTitle "EXT 2023"]
[Source "ChessBase"]
[SourceDate "2022.10.05"]
[SourceVersion "1"]
[SourceVersionDate "2022.10.05"]
[SourceQuality "1"]

1. e4 e5 2. f4 exf4 3. Bc4 Qh4+ 4. Kf1 d5 5. Bxd5 Nf6 6. Nf3 Qh5 7. Nc3 c6 8. Bb3 g5 9. d4 Bg4 10. Qd3 Bg7 11. h4 Bxf3 12. Qxf3 Qxf3+ 13. gxf3 Nh5 14. Ne2 h6 15. Bd2 Nd7 16. Rd1 0-0 17. hxg5 Ng3+ 18. Nxg3 fxg3 19. gxh6 Bf6 20. e5 Be7 21. e6 fxe6 22. Bxe6+ Kh8 23. Bxd7 Rxf3+ 24. Kg2 Rf2+ 25. Kxg3 Raf8 26. Bg4 Bd6+ 27. Kh4 Rg2 28. Bg5 Bf4 29. Rdg1 Bxg5+ 30. Kxg5 Rg8+ 31. Kf6 R8xg4 32. Rxg2 Rxg2 33. Rc1 Re2 34. b3 Re4 35. c3 Rh4 36. Kg6 Rg4+ 37. Kf7 Rh4 38. Ke7 Rxh6 39. c4 Rh7+ 40. Kd6 Kg8 41. Rf1 Rh6+ 42. Kc7 Rh7+ 43. Kb8 b5 44. cxb5 cxb5 45. Rc1 Rh2 46. Kxa7 Rxa2+ 47. Kb6 Rb2 48. Rc3 b4 49. Rf3 Rc2 50. d5 Rc3 51. Rxc3 bxc3 52. d6 c2 53. d7 Kf7 54. d8Q c1Q 55. Qc7+ Qxc7+ 56. Kxc7 Ke6 57. b4 Ke5 1-0

[Event "TUR Cup"]
[Site "Antalya"]
[Date "2020.01.30"]
[Round "7"]
[White "Ozsoy, Damla"]
[Black "Gozubuyukoglu, Selami"]
[Result "0-1"]
[WhiteElo "1440"]
[BlackElo "1716"]
[PlyCount "96"]
[EventDate "2020.01.26"]
[EventType "swiss"]
[EventRounds "11"]
[EventCountry "TUR"]
[SourceTitle "CBM 194 Extra"]
[Source "ChessBase"]
[SourceDate "2020.03.31"]
[SourceVersion "1"]
[SourceVersionDate "2020.03.31"]
[SourceQuality "1"]

1. e4 e5 2. Nf3 Nc6 3. Bb5 Nf6 4. 0-0 Nxe4 5. d4 Nd6 6. Bxc6 dxc6 7. dxe5 Nf5 8. Qxd8+ Kxd8 9. Rd1+ Ke8 10. Nc3 Ne7 11. Ne2 c5 12. h3 Bf5 13. c4 Bc2 14. Rd2 Be4 15. Ng5 Bg6 16. f4 h6 17. Nf3 Be4 18. Nc3 Bxf3 19. gxf3 c6 20. Ne4 Nf5 21. b3 Rd8 22. Rxd8+ Kxd8 23. Ba3 b6 24. Rd1+ Kc7 25. Bb2 Be7 26. Bc3 Rd8 27. Rxd8 Kxd8 28. a4 Kd7 29. Kf1 Ke6 30. Kg2 a6 31. Nf2 b5 32. axb5 cxb5 33. cxb5 axb5 34. Nd3 Kd5 35. Nc1 c4 36. b4 Ne3+ 37. Kg1 Ke6 38. Ne2 Nf5 39. Kf2 Bd8 40. Nd4+ Nxd4 41. Bxd4 g6 42. Ke3 Kf5 43. Bc3 Bb6+ 44. Ke2 h5 45. Bd2 Bg1 46. Ke1 Bh2 47. Ke2 Bxf4 48. Bxf4 Kxf4 0-1

[Event "TUR Cup"]
[Site "Antalya"]
[Date "2019.02.02"]
[Round "10"]
[White "Turkkan, Ece"]
[Black "Gozubuyukoglu, Selami"]
[Result "0-1"]
[WhiteElo "1531"]
[BlackElo "1821"]
[PlyCount "112"]
[EventDate "2019.01.27"]
[EventType "swiss"]
[EventRounds "11"]
[EventCountry "TUR"]
[SourceTitle "CBM 188 Extra"]
[Source "ChessBase"]
[SourceDate "2019.02.26"]
[SourceVersion "1"]
[SourceVersionDate "2019.02.26"]
[SourceQuality "1"]

1. d4 Nf6 2. c4 c5 3. Nf3 cxd4 4. Nxd4 g6 5. Nc3 Bg7 6. e4 d6 7. Be3 0-0 8. Be2 Na6 9. 0-0 b6 10. f3 Nc5 11. Qd2 Re8 12. Rfd1 Ba6 13. b3 Qd7 14. Rac1 Rad8 15. Nc2 Bb7 16. Nd4 Nh5 17. Nd5 e6 18. Nc3 Qc8 19. Ndb5 Qb8 20. Bd4 e5 21. Be3 a6 22. Na3 Bc6 23. Nd5 Qb7 24. Nc2 a5 25. Na3 Rd7 26. Nb5 Bxb5 27. cxb5 Nf6 28. Nxf6+ Bxf6 29. Bxc5 bxc5 30. Rxc5 Qa7 31. b6 Qxb6 32. Qxa5 Bd8 33. Qxb6 Bxb6 34. Kf1 Bxc5 35. Bb5 Rdd8 36. Bxe8 Rxe8 37. Ke2 Ra8 38. Rd2 Kf8 39. h3 Ke7 40. Rc2 Rb8 41. Rc4 Kd7 42. Kd3 f5 43. exf5 gxf5 44. Rh4 Rh8 45. Rc4 Ke6 46. b4 Bd4 47. Kc2 h5 48. a4 Rg8 49. b5 Rxg2+ 50. Kb3 Rg3 51. a5 Kd5 52. Rc2 Rxf3+ 53. Ka4 Bc5 54. b6 Kc6 55. Rxc5+ dxc5 56. b7 Rf4+ 0-1

[Event "TUR Cup"]
[Site "Antalya"]
[Date "2019.01.30"]
[Round "6"]
[White "Hanci, Ilker"]
[Black "Gozubuyukoglu, Selami"]
[Result "0-1"]
[WhiteElo "1615"]
[BlackElo "1821"]
[PlyCount "70"]
[EventDate "2019.01.27"]
[EventType "swiss"]
[EventRounds "11"]
[EventCountry "TUR"]
[SourceTitle "CBM 188 Extra"]
[Source "ChessBase"]
[SourceDate "2019.02.26"]
[SourceVersion "1"]
[SourceVersionDate "2019.02.26"]
[SourceQuality "1"]

1. e4 e5 2. Nc3 Nc6 3. f4 d6 4. Nf3 Nf6 5. Bb5 exf4 6. d4 Bd7 7. Bxf4 Be7 8. 0-0 0-0 9. e5 dxe5 10. dxe5 Bc5+ 11. Kh1 Ng4 12. Qe1 Nb4 13. Bxd7 Qxd7 14. h3 Qf5 15. Nh4 Qe6 16. Ne4 Be7 17. hxg4 Qxg4 18. Bg3 Nxc2 19. Rf4 Qxf4 20. Bxf4 Nxe1 21. Nf5 Bb4 22. a3 Nd3 23. Bg3 Ba5 24. b4 Bb6 25. Rf1 Rae8 26. Bh4 Rxe5 27. Nh6+ gxh6 28. Nf6+ Kg7 29. Rf3 Rg5 30. Bxg5 hxg5 31. g4 Nf4 32. Ne4 h6 33. Ng3 Re8 34. Rf1 Kg6 35. Nf5 h5 0-1

[Event "TUR-chT2"]
[Site "Konya"]
[Date "2018.07.13"]
[Round "6.16"]
[White "Ozcan, Hakan"]
[Black "Gozubuyukoglu, Selami"]
[Result "0-1"]
[WhiteElo "1618"]
[BlackElo "1854"]
[PlyCount "80"]
[EventDate "2018.07.10"]
[EventType "team-swiss"]
[EventRounds "9"]
[EventCountry "TUR"]
[SourceTitle "EXT 2019"]
[Source "ChessBase"]
[SourceDate "2018.10.10"]
[SourceVersion "1"]
[SourceVersionDate "2018.10.10"]
[SourceQuality "1"]
[WhiteTeam "Antalya Cankaya Univ"]
[BlackTeam "Artvin Il Ozel"]
[WhiteTeamCountry "TUR"]
[BlackTeamCountry "TUR"]

1. e4 d6 2. d4 g6 3. Nf3 Bg7 4. Bc4 Nf6 5. Nc3 0-0 6. 0-0 Nfd7 7. Bg5 c6 8. Qd2 b5 9. Bb3 Nb6 10. Qf4 Nc4 11. Qh4 f6 12. Bh6 Qe8 13. Bxg7 Kxg7 14. Bxc4 bxc4 15. e5 fxe5 16. dxe5 d5 17. Rfe1 h6 18. Rad1 Na6 19. Qg3 Bf5 20. Nd4 e6 21. Nce2 c5 22. Nxf5+ Rxf5 23. h4 Qf7 24. f4 Nb4 25. Rf1 h5 26. Qf2 Qe7 27. Nc3 Raf8 28. g3 Nc6 29. Qg2 Nd4 30. Kh1 R5f7 31. b3 cxb3 32. axb3 Qb7 33. Ra1 Nf5 34. Rfe1 Qb4 35. Ne2 Ne3 36. Qf2 Nxc2 37. Rec1 Nxa1 38. Rxa1 Qxb3 39. Ra6 d4 40. Ng1 Qb7+ 0-1

[Event "Cubuk op 3rd"]
[Site "Cubuk"]
[Date "2017.08.21"]
[Round "4"]
[White "Gozubuyukoglu, Selami"]
[Black "Bagaturov, Giorgi"]
[Result "0-1"]
[WhiteElo "1866"]
[BlackElo "2408"]
[PlyCount "92"]
[EventDate "2017.08.19"]
[EventType "swiss"]
[EventRounds "9"]
[EventCountry "TUR"]
[SourceTitle "CBM 180 Extra"]
[Source "ChessBase"]
[SourceDate "2017.10.06"]
[SourceVersion "1"]
[SourceVersionDate "2017.10.06"]
[SourceQuality "1"]

1. d4 Nf6 2. c4 c5 3. d5 e6 4. Nc3 exd5 5. cxd5 d6 6. Nf3 g6 7. Bf4 a6 8. a4 Bg7 9. h3 0-0 10. e3 Qe7 11. Be2 Nbd7 12. 0-0 b6 13. Qd2 Ne8 14. Rfe1 Rb8 15. Rab1 Nc7 16. e4 Rd8 17. Bg3 Ne5 18. Nxe5 Bxe5 19. Bxe5 dxe5 20. Nd1 Ne8 21. b4 Nd6 22. f3 c4 23. b5 axb5 24. axb5 Bd7 25. Nc3 Rdc8 26. Qb2 Rc5 27. Qa3 Qf8 28. Qa6 Qe8 29. Rb4 Qd8 30. Ra1 Qg5 31. Qa3 Bxh3 32. Bf1 Qe3+ 33. Kh2 Bd7 34. Qb2 f5 35. Ra7 Rd8 36. Ra3 Qf4+ 37. Kg1 fxe4 38. fxe4 Nxe4 39. Nxe4 Qxe4 40. Rc3 Qd4+ 41. Kh2 Rf8 42. Rc1 Qf4+ 43. Kg1 Qe3+ 44. Kh2 Rf5 45. Be2 Rf2 46. Rc2 Qh3+ 0-1

[Event "TUR Cup"]
[Site "Antalya"]
[Date "2017.01.31"]
[Round "6"]
[White "Gozubuyukoglu, Selami"]
[Black "Ilter, Kerem"]
[Result "1-0"]
[WhiteElo "1830"]
[BlackElo "1664"]
[PlyCount "70"]
[EventDate "2017.01.28"]
[EventType "swiss"]
[EventRounds "11"]
[EventCountry "TUR"]
[SourceTitle "CBM 176 Extra"]
[Source "ChessBase"]
[SourceDate "2017.03.02"]
[SourceVersion "1"]
[SourceVersionDate "2017.03.02"]
[SourceQuality "1"]

1. d4 d5 2. c4 e6 3. Nf3 Nf6 4. Nc3 Be7 5. Bg5 0-0 6. e3 b6 7. cxd5 exd5 8. Rc1 a6 9. h3 Bb7 10. Bd3 Nbd7 11. 0-0 Rc8 12. Qe2 b5 13. a3 c5 14. dxc5 Nxc5 15. Bf5 Ne6 16. Bh4 g6 17. Bb1 h6 18. Rfd1 g5 19. Bg3 Qb6 20. Ne5 Rcd8 21. Ng4 Nxg4 22. Qxg4 Ng7 23. Qe2 Qe6 24. Qd3 f5 25. Ne2 Bf6 26. Rc7 Rf7 27. Rxf7 Qxf7 28. Nd4 Bc8 29. Be5 Be6 30. Qd2 f4 31. Qa5 Ra8 32. f3 Qd7 33. Rc1 Rc8 34. Re1 Ra8 35. Qb6 Bxh3 1-0

[Event "TUR Cup"]
[Site "Antalya"]
[Date "2017.01.29"]
[Round "3"]
[White "Ererdem, Gani Eren"]
[Black "Gozubuyukoglu, Selami"]
[Result "1-0"]
[WhiteElo "2151"]
[BlackElo "1830"]
[PlyCount "95"]
[EventDate "2017.01.28"]
[EventType "swiss"]
[EventRounds "11"]
[EventCountry "TUR"]
[SourceTitle "CBM 176 Extra"]
[Source "ChessBase"]
[SourceDate "2017.03.02"]
[SourceVersion "1"]
[SourceVersionDate "2017.03.02"]
[SourceQuality "1"]

1. e4 c5 2. Nf3 d6 3. d4 cxd4 4. Nxd4 Nf6 5. Nc3 a6 6. Be2 e5 7. Nb3 Be7 8. 0-0 0-0 9. Be3 Be6 10. f4 exf4 11. Rxf4 Nbd7 12. Qd2 b5 13. a4 b4 14. Nd5 Bxd5 15. exd5 a5 16. Nd4 Ne5 17. Nf5 Qc7 18. Raf1 Ng6 19. Rc4 Qb7 20. Rc6 Rfc8 21. Bb5 Bf8 22. Qd4 Ne8 23. Qb6 Qxb6 24. Bxb6 Rcb8 25. Bd4 Ne7 26. Nxe7+ Bxe7 27. Re1 Kf8 28. c4 bxc3 29. bxc3 Rc8 30. c4 Nf6 31. Bb6 Rcb8 32. Bc7 Ng4 33. Bxd6 Bxd6 34. Rxd6 f6 35. c5 Ne5 36. c6 Ra7 37. Rc1 Rc8 38. Re6 Kf7 39. Rxe5 fxe5 40. d6 Ke6 41. d7 Rxd7 42. Bc4+ Rd5 43. Rd1 Rcd8 44. Rxd5 Rxd5 45. Bxd5+ Kd6 46. Kf2 g5 47. Ke3 h5 48. Ke4 1-0

[Event "Mersin op 1st"]
[Site "Mersin"]
[Date "2016.10.27"]
[Round "6"]
[White "Gozubuyukoglu, Selami"]
[Black "Tanriverdi, Enes"]
[Result "0-1"]
[WhiteElo "1793"]
[BlackElo "2058"]
[PlyCount "72"]
[EventDate "2016.10.23"]
[EventType "swiss"]
[EventRounds "9"]
[EventCountry "TUR"]
[SourceTitle "EXT 2018"]
[Source "ChessBase"]
[SourceDate "2017.10.13"]
[SourceVersion "1"]
[SourceVersionDate "2017.10.13"]
[SourceQuality "1"]

1. d4 Nf6 2. c4 c5 3. d5 e6 4. Nc3 exd5 5. cxd5 d6 6. e4 g6 7. h3 Bg7 8. Bd3 0-0 9. Nge2 Nbd7 10. 0-0 a6 11. a4 Re8 12. f4 c4 13. Bxc4 Nxe4 14. Nxe4 Rxe4 15. Bd3 Rb4 16. Nc3 Nc5 17. Bc2 f5 18. Rb1 Qb6 19. Na2 Rd4 20. Qe2 Bd7 21. Be3 Re8 22. Qf2 Rc4 23. b4 Rxe3 24. bxc5 Qxc5 25. Bb3 Bd4 26. Bxc4 Re4 27. Bb3 Bxf2+ 28. Rxf2 Re2 29. Rbf1 Bxa4 30. Bxa4 Rxa2 31. Bd7 Qe3 32. h4 h5 33. Bc8 Rxf2 34. Be6+ Qxe6 35. dxe6 Rxf1+ 36. Kxf1 Kf8 0-1

[Event "Mersin op 1st"]
[Site "Mersin"]
[Date "2016.10.23"]
[Round "1"]
[White "Omidi, Arya"]
[Black "Gozubuyukoglu, Selami"]
[Result "1-0"]
[WhiteElo "2268"]
[BlackElo "1793"]
[PlyCount "61"]
[EventDate "2016.10.23"]
[EventType "swiss"]
[EventRounds "9"]
[EventCountry "TUR"]
[SourceTitle "EXT 2018"]
[Source "ChessBase"]
[SourceDate "2017.10.13"]
[SourceVersion "1"]
[SourceVersionDate "2017.10.13"]
[SourceQuality "1"]

1. e4 c5 2. Nf3 d6 3. Bb5+ Nd7 4. 0-0 Ngf6 5. Re1 e5 6. c3 a6 7. Bf1 Be7 8. d4 0-0 9. dxe5 dxe5 10. Nbd2 Qc7 11. a4 b6 12. Qc2 Bb7 13. Nh4 g6 14. Ndf3 Nh5 15. Bh6 Ng7 16. Bc4 Bc6 17. Qb3 Bxh4 18. Nxh4 Qb7 19. Rad1 b5 20. Bd5 c4 21. Qb4 Bxd5 22. Rxd5 Nb6 23. Rxe5 Nxa4 24. Bxg7 Kxg7 25. Rg5 Rae8 26. e5 Qb6 27. Nf5+ Kg8 28. Nd6 Nc5 29. Nxe8 Nd3 30. Nf6+ Kg7 31. Qxf8+ 1-0

[Event "Kahramanmaras op 7th"]
[Site "Kahramanmaras"]
[Date "2016.04.04"]
[Round "1.8"]
[White "Gozubuyukoglu, Selami"]
[Black "Rahmanov, Shahriyar Teymur Og"]
[Result "0-1"]
[WhiteElo "1800"]
[BlackElo "2351"]
[PlyCount "173"]
[EventDate "2016.04.04"]
[EventType "swiss"]
[EventRounds "9"]
[EventCountry "TUR"]
[SourceTitle "EXT 2018"]
[Source "ChessBase"]
[SourceDate "2017.10.13"]
[SourceVersion "1"]
[SourceVersionDate "2017.10.13"]
[SourceQuality "1"]

1. d4 Nf6 2. Nf3 g6 3. g3 Bg7 4. Bg2 0-0 5. 0-0 d5 6. c3 Nbd7 7. Nbd2 c5 8. dxc5 Nxc5 9. Nb3 Nfe4 10. Nxc5 Nxc5 11. Nd2 Qd6 12. Nb3 Rd8 13. Nxc5 Qxc5 14. e4 d4 15. cxd4 Bxd4 16. Be3 Be6 17. Bxd4 Rxd4 18. Qf3 Rd2 19. b3 Rad8 20. Rfd1 Qd4 21. Re1 Bg4 22. Qe3 e5 23. Qxd4 R8xd4 24. f3 Bd7 25. Bf1 Bc6 26. Bc4 Kf8 27. a4 Ke7 28. Rac1 Rb2 29. Rcd1 Rd7 30. Rxd7+ Bxd7 31. Re2 Rb1+ 32. Kf2 Be6 33. a5 Ra1 34. Bd5 Bxd5 35. exd5 Kd6 36. b4 Kxd5 37. Rc2 Kd6 38. Rb2 h5 39. Ke3 Ra3+ 40. Kf2 f5 41. h4 Ke6 42. Kg2 Kd6 43. Kf2 Ke6 44. Kg2 e4 45. fxe4 fxe4 46. Kf2 Ke5 47. Rc2 Rf3+ 48. Kg2 Rb3 49. Rc5+ Kd4 50. Rb5 Rb2+ 51. Kf1 Rb1+ 52. Ke2 Rb2+ 53. Kf1 Ke3 54. Rxb7 Kf3 55. Rf7+ Kxg3 56. Rxa7 Rxb4 57. Rg7 Kf3 58. Rf7+ Kg4 59. Rg7 Kf5 60. a6 Ra4 61. a7 Ra2 62. Rf7+ Kg4 63. Rg7 Kf3 64. Rf7+ Kg3 65. Rg7 Kxh4 66. Rxg6 Rxa7 67. Kf2 Ra3 68. Kg2 Ra2+ 69. Kg1 Kh3 70. Kf1 h4 71. Re6 Ra4 72. Kf2 Kh2 73. Rg6 h3 74. Ke3 Kh1 75. Rg7 Rb4 76. Rg6 Ra4 77. Rg7 Kh2 78. Rg6 Kh1 79. Rg7 h2 80. Rg4 Ra3+ 81. Kf2 Ra2+ 82. Kf1 e3 83. Rg3 Ra1+ 84. Ke2 Rg1 85. Rxe3 Kg2 86. Re8 h1Q 87. Rg8+ 0-1

[Event "Manavgat Turkey Cup"]
[Site "Manavgat"]
[Date "2016.02.05"]
[Round "10"]
[White "Gozubuyukoglu, Selami"]
[Black "Ozenc, Bugrahan Hamza"]
[Result "1-0"]
[WhiteElo "1805"]
[BlackElo "1491"]
[PlyCount "92"]
[EventDate "2016.01.30"]
[EventType "swiss"]
[EventRounds "11"]
[EventCountry "TUR"]
[SourceTitle "CBM 170 Extra"]
[Source "ChessBase"]
[SourceDate "2016.02.25"]
[SourceVersion "1"]
[SourceVersionDate "2016.02.25"]
[SourceQuality "1"]

1. d4 d5 2. Nf3 Bf5 3. c3 Nf6 4. e3 c6 5. Nh4 Bg4 6. Qc2 e6 7. Nd2 Nbd7 8. Bd3 c5 9. h3 Bh5 10. Nhf3 c4 11. Be2 Bg6 12. Qa4 a6 13. Nh4 b5 14. Qd1 Bd6 15. Nxg6 hxg6 16. Qc2 Nb6 17. e4 Bf4 18. e5 Bxd2+ 19. Bxd2 Ne4 20. Bf3 Nxd2 21. Qxd2 Qe7 22. 0-0 0-0 23. Rfe1 a5 24. g3 b4 25. Kg2 bxc3 26. bxc3 Qa3 27. h4 Na4 28. Rac1 Qb2 29. Rc2 Qb8 30. h5 Qd8 31. hxg6 fxg6 32. Rcc1 Qd7 33. Rb1 Rab8 34. Qc2 Qf7 35. Bg4 Nb6 36. Rb5 Na4 37. Rxb8 Rxb8 38. Qxa4 Rb2 39. Rf1 g5 40. Qc6 Kf8 41. Bxe6 Qh5 42. Qd6+ Ke8 43. Bd7+ Kf7 44. Qxd5+ Ke7 45. Qd6+ Kf7 46. Be6+ Kg6 1-0

[Event "Manavgat Turkey Cup"]
[Site "Manavgat"]
[Date "2016.02.04"]
[Round "9"]
[White "Kulkara, Sercan"]
[Black "Gozubuyukoglu, Selami"]
[Result "0-1"]
[WhiteElo "1661"]
[BlackElo "1805"]
[PlyCount "54"]
[EventDate "2016.01.30"]
[EventType "swiss"]
[EventRounds "11"]
[EventCountry "TUR"]
[SourceTitle "CBM 170 Extra"]
[Source "ChessBase"]
[SourceDate "2016.02.25"]
[SourceVersion "1"]
[SourceVersionDate "2016.02.25"]
[SourceQuality "1"]

1. e4 e6 2. d3 c5 3. Nd2 Nc6 4. g3 g6 5. Bg2 Bg7 6. f4 Nge7 7. Ngf3 Qc7 8. c3 b6 9. 0-0 0-0 10. Nc4 d5 11. Ne3 Ba6 12. exd5 exd5 13. Nc2 Rae8 14. Nh4 f5 15. Re1 Kh8 16. Nf3 Ng8 17. Ng5 Rxe1+ 18. Nxe1 Qd7 19. Qa4 Bb7 20. Bd2 Nf6 21. Nef3 h6 22. Nh3 Re8 23. Re1 Ng4 24. Nh4 Rxe1+ 25. Bxe1 Qe6 26. Qd1 g5 27. fxg5 hxg5 0-1

[Event "Manavgat Turkey Cup"]
[Site "Manavgat"]
[Date "2016.02.03"]
[Round "7"]
[White "Daghan, Devran"]
[Black "Gozubuyukoglu, Selami"]
[Result "1-0"]
[WhiteElo "2004"]
[BlackElo "1805"]
[PlyCount "63"]
[EventDate "2016.01.30"]
[EventType "swiss"]
[EventRounds "11"]
[EventCountry "TUR"]
[SourceTitle "CBM 170 Extra"]
[Source "ChessBase"]
[SourceDate "2016.02.25"]
[SourceVersion "1"]
[SourceVersionDate "2016.02.25"]
[SourceQuality "1"]

1. Nf3 Nf6 2. d4 e6 3. g3 d5 4. Bg2 c6 5. 0-0 Nbd7 6. c4 Be7 7. Qc2 0-0 8. Nbd2 a6 9. b3 Re8 10. Bb2 b6 11. e4 dxe4 12. Nxe4 Qc7 13. Ne5 Bb7 14. Ng5 Rf8 15. Nxd7 Qxd7 16. d5 g6 17. dxe6 fxe6 18. Rad1 Qe8 19. Nxe6 Qf7 20. Nxf8 Rxf8 21. Bd4 Bd8 22. c5 b5 23. Be5 Ba5 24. Bd6 Re8 25. a3 Nd5 26. b4 Bd8 27. Rfe1 Bc8 28. Rxe8+ Qxe8 29. Qd2 Be6 30. Re1 Qf7 31. Qh6 Be7 32. Bxe7 1-0